000 00863cam a2200193 i 4500
005 20260127100305.0
008 250721s2024 ua gr 000 0 ara d
020 _a9789777614641
082 1 4 _a347.03
_bع ل ا
100 1 _aعلام، محمد يوسف
_eمؤلف.
245 1 0 _aدعوى البطلان الأصلية أمام القضاء الاداري :
_bدراسة تحليلية تطبيقية حول وسيلة مراجعة الاحكام الادارية غير القابلة للتصحيح /
_cالدكتور محمد يوسف علام.
250 _aالطبعة الاولى.
264 3 1 _aالقاهرة :
_bالمركز القومي للإصدارات القانونية،
_c2024.
300 _a367 صفحة.
650 1 7 _aالمحاكم.
650 1 7 _aالقضاء الاداري.
942 _2ddc
_cBK
999 _c146256
_d146256